开启人体内的药库 (Record no. 62692)

000 -LEADER
fixed length control field 00457nam a22001817a 4500
003 - CONTROL NUMBER IDENTIFIER
control field MPLRDC
005 - DATE AND TIME OF LATEST TRANSACTION
control field 20220104184052.0
008 - FIXED-LENGTH DATA ELEMENTS--GENERAL INFORMATION
fixed length control field 210129b ||||| |||| 00| 0 eng d
020 ## - INTERNATIONAL STANDARD BOOK NUMBER
International Standard Book Number 7-5384-3800-0
082 ## - DEWEY DECIMAL CLASSIFICATION NUMBER
Classification number 418.94 TZP
100 ## - MAIN ENTRY--PERSONAL NAME
Personal name 唐志鹏主编
245 ## - TITLE STATEMENT
Title 开启人体内的药库
Statement of responsibility, etc.
250 ## - EDITION STATEMENT
Edition statement 一版一刷
260 ## - PUBLICATION, DISTRIBUTION, ETC.
Place of publication, distribution, etc. 中国
Name of publisher, distributor, etc. 吉林科学技术出版社
Date of publication, distribution, etc. 2008
300 ## - PHYSICAL DESCRIPTION
Other physical details
650 ## - SUBJECT ADDED ENTRY--TOPICAL TERM
Topical term or geographic name entry element 自然疗法
942 ## - ADDED ENTRY ELEMENTS (KOHA)
Koha item type Book
-- 418.94 TZP
Holdings
Withdrawn status Lost status Source of classification or shelving scheme Damaged status Not for loan Collection code Home library Current library Shelving location Date acquired Cost, normal purchase price Total Checkouts Total Renewals Full call number Barcode Date last seen Date last checked out Price effective from Koha item type Public note
            Malaysian Public Library, Research and Development Centre Malaysian Public Library, Research and Development Centre   15/08/2009 24.80   3 418.94 TZP 00057164 18/03/2021 26/06/2014 18/03/2021 Book mplrdc

© 2022. Malaysian Public Library, Research and Development Centre. All Right ReservedE-mailmplrdc@help.edu.my 

Powered by Koha